| 000 | 00334nam a22001337a 4500 | ||
|---|---|---|---|
| 008 | 180315b xxu||||| |||| 00| 0 eng d | ||
| 020 | _a0871509288 | ||
| 041 | _aeng | ||
| 080 |
_23 ED _a574 |
||
| 100 | _a9 | ||
| 101 | _aMJE | ||
| 245 |
_aA FIRST COURSE DIFFERENTIAL EQUATIONS WITH APPLICATIONS _cZILL.D.G |
||
| 942 |
_2udc _cBK |
||
| 999 |
_c45118 _d45118 |
||